Camping Česká republika : automapa = Czech Republic : road map = Tschechische Republik : Autokarte
| Jazyk: | Němčina Slovenština Polština Čeština |
|---|---|
| Vydáno: |
Praha : Freytag & Berndt, 2011 |
| Témata: | |
| Fyzický popis: |
1 mapa : barev. ; 65 x 94 cm, složeno na 23 x 12 cm |
| Language note: |
Místní jména na mapě česky, část. německy, polsky a slovensky |
| LEADER | 01754nem a2200445 a 4500 | ||
|---|---|---|---|
| 001 | nkc20112162312 | ||
| 003 | CZ PrNK | ||
| 005 | 20210303141128.0 | ||
| 007 | aj canzn | ||
| 008 | 110121s2011 xr z a 0 cze | ||
| 015 | |a cnb002162312 | ||
| 020 | |a 978-80-7224-014-2 | ||
| 034 | 1 | |a a |b 500000 |d E0120843 |e E0185744 |f N0510751 |g N0481143 | |
| 040 | |a BOA001 |b cze |d ABA001 | ||
| 041 | 0 | |a cze |a ger |a pol |a slo | |
| 043 | |a e-xr--- | ||
| 072 | 7 | |a 913(437) |x Geografie Česka a Slovenska, reálie, cestování |2 Konspekt |9 7 | |
| 080 | |a 656.1 |2 MRF | ||
| 080 | |a 640.41:796.54 |2 MRF | ||
| 080 | |a 913(437.3) |2 MRF | ||
| 080 | |a 912.43:656.1 |2 MRF | ||
| 080 | |a (084.3) |2 MRF | ||
| 245 | 0 | 0 | |a Camping |h [kartografický dokument] : |b Česká republika : automapa = Czech Republic : road map = Tschechische Republik : Autokarte |
| 246 | 3 | |a Česko - camping & caravaning | |
| 246 | 3 | |a Tschechien - Camping & Caravaning | |
| 246 | 3 | |a Czechia - camping & caravaning | |
| 255 | |a Měřítko 1:500 000 |c [(012°08´43" v.d.--018°57´44" v.d./051°07´51" s.š.--048°11´43" s.š.)] | ||
| 260 | |a Praha : |b Freytag & Berndt, |c 2011 | ||
| 300 | |a 1 mapa : |b barev. ; |c 65 x 94 cm, složeno na 23 x 12 cm | ||
| 500 | |a Ve výřezu doplňková mapa Prahy 1:200 000 | ||
| 500 | |a Seznam certifikovaných kempů na rubu | ||
| 546 | |a Místní jména na mapě česky, část. německy, polsky a slovensky | ||
| 650 | 0 | 7 | |a silniční doprava |7 ph116143 |z Česko |2 czenas |
| 650 | 0 | 7 | |a kempinky |7 ph114903 |z Česko |2 czenas |
| 655 | 7 | |a automapy |7 fd131856 |2 czenas | |
| 910 | 2 | |a BOA001 |b Mp2-1260.065 | |
| 990 | |a MP | ||
| 995 | |a 01 | ||
| 991 | |b 201105 |c NOV |e n | ||
| 996 | 6 | |b 2610462532 |c Mp2-1260.065 |l MZK |r Sklad / do 1 hodiny |n 0 |p p.v. |w 001166631 |u 000010 |a 1 |e BOA001 |j MZK50 |s P | |
English
Čeština 